| 000 | 01583nam a2200289 a 4500 | ||
|---|---|---|---|
| 008 | 110701t2009 ag |||f |||| 001 0 spa d | ||
| 020 | _a9789871742035 | ||
| 041 | _aspa | ||
| 092 |
_c155.32 _l91 _sVAG |
||
| 100 | 1 |
_aVaggione, Juan Marco _eComp. _93063 |
|
| 245 | 3 |
_aEl activismo religioso conservador en Latinoamerica. _cJuan Marco Vaggione |
|
| 250 | _a1a ed. | ||
| 260 |
_aCórdoba: _bHivos; _c2009. |
||
| 300 | _a319 p. | ||
| 500 | _aVaggione, J. M. (2009). El activismo religioso conservador en Latinoamérica. (1a ed.) Córdoba : Hivos. | ||
| 653 | _aActivismo religioso conservador en Latinoamerica | ||
| 653 | _aReligioes na esfera publica: Estrategias institucionais de intervencao-Igreja católitca no Brasil | ||
| 653 | _aEstudios de bioética y la iglesia católica en los casos de Chile y Argentina | ||
| 653 | _aDebates chilenos en torno a la sexualidad | ||
| 653 | _aSexualidades e identidades de género. Debates con el fundamentalismo religioso | ||
| 653 | _aDisputas sobre el control de la sexualidad: activismo religioso conservador y dominación masculina | ||
| 653 | _aGrupos conservadores y la democracia contemporánea | ||
| 653 | _aEvangelicos, sexualidad y política. Instituciones evangélicas en los debates públicos sobre Unión Civil y educación sexual en la CABA | ||
| 653 | _aOposición a la Unión Civil: persistencias y fisuras del discurso de la iglesia católica en el debate legislativo | ||
| 653 | _aFundamentalismo religioso en Latinoamérica.Mirada de activistas por los derechos sexuales y reproductivos | ||
| 942 |
_2ddc _cBK |
||
| 999 |
_c2259 _d2259 |
||